| 000 | 00453nam a2200145 i 4500 | ||
|---|---|---|---|
| 001 | 34198 | ||
| 003 | ES-MaACL | ||
| 005 | 20230906154906.0 | ||
| 007 | t| | ||
| 008 | 030204s1910 sp ||||1| spa d | ||
| 100 | 1 |
_aBlanco y Sánchez, Rufino. _929311 |
|
| 245 | 1 | 0 |
_aPara la historia del monasterio de Guadalupe / _cRufino Blanco y Sánchez. |
| 260 |
_aMadrid : _b[s.n., _c1910] ( _fTipografía de la Revista de Archivos) |
||
| 852 |
_aES-MaACL _jT-1361-F-5 |
||
| 999 |
_c34198 _d34198 |
||